000 00570nam a2200217 a 4500
999 _c4866
_d4866
001 4866
003 BD-JhCC
005 20171204190634.0
008 171204s1950 usaa|||| ||a| 000 0 eng d
035 _a(BD-JhCC)4866
040 _aBD-JhCC
_dBD-JhCC
041 _aeng
082 _a823.914
_bNAT 1950
100 _aNathan, Adele
245 _aThe Building of the First kTranscontinental Railroad /
_cAdele Nathan
260 _aChicago :
_bSpencer Press, INC,
_c1950.
300 _a180 p. :
_c21 cm.
_billu;
650 _aStories
942 _2ddc
_cBK